Autobiografía / (Record no. 18205)

MARC details
000 -LEADER
campo de control de longitud fija 00912nam a2200289 i 4500
001 - NÚMERO DE CONTROL
campo de control 18205
003 - IDENTIFICADOR DE NÚMERO DE CONTROL
campo de control ES-MaACL
005 - FECHA Y HORA DE LA ÚLTIMA TRANSACCIÓN
campo de control 20240223063023.0
007 - CAMPO FIJO DE DESCRIPCIÓN FÍSICA--INFORMACIÓN GENERAL
campo de control de longitud fija t|
008 - DATOS DE LONGITUD FIJA--INFORMACIÓN GENERAL
campo de control de longitud fija 010813s2000 sp ||||0| spa j
020 ## - NÚMERO INTERNACIONAL ESTÁNDAR DEL LIBRO
Número Internacional Estándar del Libro 84-8306-357-3 v. 1
040 ## - FUENTE DE CATALOGACIÓN
Centro catalogador/agencia de origen M-BN
Lengua de catalogación spa
Centro/agencia transcriptor M-BN
080 ## - NÚMERO DE LA CLASIFICACIÓN DECIMAL UNIVERSAL
Número de la Clasificación Decimal Universal 929 Koestler, Arthur
100 1# - ENTRADA PRINCIPAL--NOMBRE DE PERSONA
Nombre de persona Koestler, Arthur,
Fechas asociadas al nombre 1905-1983
9 (RLIN) 68460
245 10 - MENCIÓN DEL TÍTULO
Título Autobiografía /
Mención de responsabilidad, etc. Arthur Koestler ; [versión castellana de J. R. Wilcock].
250 ## - MENCION DE EDICION
Mención de edición 1ª ed.
260 ## - PUBLICACIÓN, DISTRIBUCIÓN, ETC.
Lugar de publicación, distribución, etc. Madrid :
Nombre del editor, distribuidor, etc. Debate,
Fecha de publicación, distribución, etc. 2000.
300 ## - DESCRIPCIÓN FÍSICA
Extensión 2 v ;
Dimensiones 23 cm.
490 1# - MENCIÓN DE SERIE
Mención de serie Pequeña gran historia
505 8# - NOTA DE CONTENIDO CON FORMATO
Nota de contenido con formato Contiene: v. 1. Flecha en el azul -- v. 2. La escritura invisible
600 14 - PUNTO DE ACCESO ADICIONAL DE MATERIA--NOMBRE DE PERSONA
Nombre de persona Koestler, Arthur,
Fechas asociadas al nombre 1905-1983
9 (RLIN) 68460
700 1# - ENTRADA AGREGADA--NOMBRE PERSONAL
Nombre de persona Wilcock, J.R.
9 (RLIN) 116806
830 0# - PUNTO DE ACCESO ADICIONAL DE SERIE-TÍTULO UNIFORME
Título uniforme Pequeña gran historia
9 (RLIN) 179734
852 ## - LOCALIZACIÓN
Ubicación ES-MaACL
Número de control de estantería L-24887-8
Sublocalización o colección R.130022
Holdings
Estatus retirado Estado de pérdida Estado de daño No para préstamo Biblioteca de origen Biblioteca actual Ubicación en estantería Fecha de adquisición Fuente de adquisición Total de préstamos Signatura topográfica completa Código de barras Visto por última vez Precio de reemplazo Tipo de ítem Koha
        Biblioteca del Ateneo de Madrid Biblioteca del Ateneo de Madrid Depósito 2 17/01/2008     L-24887-8 1018614 23/02/2023 23/02/2023 Libro impreso